Statistiques concernant Pays qui battent la Suède

Cliquez ici pour prendre le quiz!

Statistiques générales

  • Ce quiz a été pris 15 171 fois
    (10 965 depuis la dernière actualisation)
  • Le résultat moyen est 11 sur 20

Statistiques - réponses

RangsCategoriesPays% Correct
5Plus de prix NobelEtats-Unis | Royaume-Uni | Allemagne | France
98%
5Moins densément peuplé d'EuropeIslande | Russie | Norvège | Finlande
92%
5Plus froid d'EuropeRussie | Finlande | Norvège | Islande
90%
4Plus de taxes (% du PIB)Belgique | France | Danemark
78%
11Plus longues côtes d'EuropeNorvège | Russie | Grèce | Royaume-Uni | Italie | Croatie | Danemark | Islande | Espagne | France
78%
5Plus grand d'EuropeRussie | Ukraine | France | Espagne
77%
6Plus trouvé au quiz Pays d'Europe en une minuteFrance | Espagne | Allemagne | Portugal | Italie
74%
9 (e-a)Nom le plus courtCuba | Inde | Irak | Iran | Laos | Mali | Oman | Togo
71%
4Plus proche de la fin de l'alphabet commençant par "S"Syrie | Suriname | Suisse
71%
5Plus protestant d'Europe (%)Norvège | Danemark | Islande | Finlande
61%
7Premier à légaliser le mariage gayPays-Bas | Belgique | Espagne | Canada | Afrique du Sud | Norvège
55%
7Plus septentrionalDanemark | Canada | Russie | Norvège | Etats-Unis | Finlande
51%
5Forme la plus "verticale"Chili | Togo | Portugal | Bélize
48%
2Plus de forêts en Europe (%)Finlande
44%
6 (e-a)Pays avec le pourcentage le plus important d'une lettre dans son nomCanada | Kosovo | Panama | Suisse | Togo | Uruguay | Bahamas
41%
4Plus de prix Nobel par habitantSainte-Lucie | Luxembourg | Suisse
39%
4Plus grand bordant exactement deux autres paysEtats-Unis | Mongolie | Yémen
36%
2Plus de victoires à l'EurovisionIrlande
18%
2Plus de personnes autodéclarées "non religieuses"Chine
15%
5Plus de femmes parlementaires (pourcentage)Rwanda | Cuba | Bolivie | Mexique
12%

Distribution des résultats

Percentile par nombre de réponses

% des personnes avec chaque résultat

Votre développement - résultats

Vous n’avez pas pris ce quiz depuis la dernière actualisation